000 00557cam a22001451 4500
082 _a973.7
_bFOR
100 1 _aFormby, John.
_950039
245 1 4 _aThe American Civil War,
_ba concise history of its causes, progress, and results,
_cby John Formby ...
260 _aNew York,
_bCharles Scribner's Sons,
_c1910.
300 _axiii p., 1 l., [xv]-xvii, 520 p.
_eatlas of 2 p l., 66 maps on 59 fold. pl.
_c23 cm.
526 _a0
_b0
_c0
_d973_700000000000000_FOR
650 _aMCE
_9379
856 4 1 _uhttp://hdl.loc.gov/loc.gdc/scd0001.00019554806
942 _2ddc
_cBK
999 _c552997
_d552997